000 00447nam a22001697a 4500
003 MPLRDC
005 20220104114301.0
008 210129b ||||| |||| 00| 0 eng d
082 _a857.27 PSL-7 v.4
100 _a蒲松龄原著
245 _a聊斋故事选编. 第四集
_c郑万泽编译
250 _a一版一刷
260 _a
_b新蕾出版社
_c1983
300 _b
650 _a小说--笔记; 异闻
942 _cBK
_o857.27 PSL-7 v.4
999 _c6288
_d6278